The chronicles of Oggle /

Bibliographic Details
Main Author: Gowen, Peter (Author)
Format: Book
Language:English
Published: London ; New York : Bloomsbury Methuen Drama, [2015]
Series:Bloomsbury Methuen drama
Subjects:

MARC

Tag First Indicator Second Indicator Subfields
LEADER 00000cam a2200000Ii 4500
001 in00003533921
005 20151105210136.0
008 141008s2015 enk 000 d eng d
020 |a 1474232868 
020 |a 9781474232869 
035 |a (OCoLC)ocn892580699 
040 |a YDXCP  |b eng  |c YDXCP  |d BWK  |d BDX  |d NLE  |d CDX  |d NAM  |d UtOrBLW 
043 |a e-ie--- 
049 |a TXAM 
050 4 |a PR6057.O84  |b C47 2015 
082 0 |a 822.92  |2 23 
100 1 |a Gowen, Peter,  |e author. 
245 1 4 |a The chronicles of Oggle /  |c Peter Gowen. 
264 1 |a London ;  |a New York :  |b Bloomsbury Methuen Drama,  |c [2015] 
264 4 |c ©2015 
300 |a 80 pages ;  |c 20 cm. 
336 |a text  |b txt  |2 rdacontent 
337 |a unmediated  |b n  |2 rdamedia 
338 |a volume  |b nc  |2 rdacarrier 
490 0 |a Bloomsbury Methuen drama 
650 0 |a City and town life  |z Ireland  |v Drama. 
650 0 |a Child abuse  |z Ireland  |v Drama. 
650 0 |a Orphans  |z Ireland  |v Drama. 
945 |a PromptCat  |b 210022 
946 |a stk 
947 |a A14842986532 
948 |a cataloged  |b h  |c 2015/6/15  |d c  |e dmitchel  |f 11:10:20 am 
994 |a C0  |b TXA 
999 |a MARS 
999 f f |s b3fa8581-aacd-3a15-8a38-e8b896cdfc4f  |i 05e4e0c8-2d93-3f77-9d54-a54430c91a3e  |t 0 
952 f f |p normal  |a Texas A&M University  |b College Station  |c Sterling C. Evans Library  |d Evans: Library Stacks  |t 0  |e PR6057.O84 C47 2015  |h Library of Congress classification  |i unmediated -- volume  |m A14842986532 
998 f f |a PR6057.O84 C47 2015  |t 0  |l Evans: Library Stacks